Evaluación de los efectos de la actualizacióndel Código Sísmico de Costa Rica en el diseño de un edificio de marcos de concreto reforzado
Tallennettuna:
| Päätekijä: | |
|---|---|
| Aineistotyyppi: | Kirja |
| Kieli: | Spanish |
| Julkaistu: |
[San José, Costa Rica]
2004
|
| Aiheet: | |
| Tagit: |
Lisää tagi
Ei tageja, Lisää ensimmäinen tagi!
|
MARC
| LEADER | 00000nam a22000007a 4500 | ||
|---|---|---|---|
| 001 | 4883 | ||
| 003 | 009344 | ||
| 005 | 20221231144137.0 | ||
| 008 | 170119b xxu||||| |||| 00| 0 spa d | ||
| 040 | |c cru CEDI | ||
| 100 | |9 6439 |a Agüero Barrantes, Pablo | ||
| 245 | |a Evaluación de los efectos de la actualizacióndel Código Sísmico de Costa Rica en el diseño de un edificio de marcos de concreto reforzado | ||
| 260 | |a [San José, Costa Rica] |c 2004 | ||
| 300 | |a xv, 67, [81] hojas : ilustraciones | ||
| 500 | |a Proyecto de graduación (licenciatura en ingeniería civil)--Universidad de Costa Rica. Escuela de Ingeniería Civil | ||
| 650 | |x CODIGO SISMICO |x COSTA RICA |x ESTRUCTURAS DE HORMIGON ARMADO |x DISEÑO Y CONSTRUCCION |x CONSTRUCCIONES ANTISISMICAS |x RESISTENCIA A LOS TERREMOTOS |x HORMIGON |x ANALISIS ESTRUCTURAL (INGENIERIA) |x DISEÑO DE ESTRUCTURAS |9 6441 | ||
| 942 | |c TFG | ||
| 999 | |c 17537 |d 17537 | ||
